000 00628nam a22001937a 4500
005 20251108175420.0
008 250721s2011 xx 000 0 ara d
082 1 4 _a915.6503/ رحا
100 1 _aرحال، محمود سالم
245 1 0 _aالمشترك السامي في أسماء و معاني المدن و القرى الاردنية /
264 1 _aعمان :
_bدار البداية ناشرون و موزعون،
_c2011.
300 _a208 ص.
650 1 7 _aأسماء الأماكن
650 1 7 _aالمدن
650 1 7 _aالأردن
650 1 7 _aالقواميس
942 _2ddc
_cBK
999 _c133575
_d133575